|
|
|
|
| LEADER |
00000nam0a2200000 4500 |
| 001 |
363663 |
| 005 |
20231102011618.0 |
| 035 |
|
|
|a (RuTPU)RU\TPU\retro\21010
|
| 090 |
|
|
|a 363663
|
| 100 |
|
|
|a 20211007d1981 m y0rusy50 ca
|
| 101 |
0 |
|
|a rus
|
| 102 |
|
|
|a RU
|
| 105 |
|
|
|a a z 001zy
|
| 200 |
1 |
|
|a Революция 1905-1907 годов и изобразительное искусство
|v Вып. 3: Украина и Молдавия
|f под ред. В. В. Шепелева
|
| 210 |
|
|
|a Москва
|c Изобразительное искусство
|d 1981
|
| 215 |
|
|
|a 136 с.
|c ил.
|
| 320 |
|
|
|a Список иллюстраций: с. 129-136
|
| 606 |
1 |
|
|a Искусство
|2 stltpush
|3 (RuTPU)RU\TPU\subj\13187
|9 39838
|
| 606 |
1 |
|
|a Первая русская революция 1905-1907
|2 stltpush
|3 (RuTPU)RU\TPU\subj\65536
|9 82038
|
| 610 |
1 |
|
|a изобразительное искусство
|
| 610 |
1 |
|
|a живопись
|
| 610 |
1 |
|
|a графика
|
| 610 |
1 |
|
|a рисунок
|
| 610 |
1 |
|
|a скульптура
|
| 610 |
1 |
|
|a альбомы
|
| 675 |
|
|
|a 7(084)
|v 4
|
| 686 |
|
|
|a Т3(2)532
|v LBC/SL-A
|2 rubbk
|
| 702 |
|
1 |
|a Шепелев
|b В. В.
|4 340
|
| 801 |
|
1 |
|a RU
|b 63413507
|c 20211007
|
| 942 |
|
|
|c BK
|